Biggest Cities in Vietnam - Statistics

General Stats
  • This quiz has been taken 2,590 times
  • The average score is 7 of 15
Answer Stats
population city % Correct
6,844,000 Hanoi
99%
7,163,000 Ho Chi Minh City
99%
887,000 Da Nang
81%
334,000 Hue
66%
1,837,000 Haiphong
63%
1,187,000 Can Tho
52%
392,000 Nha Trang
51%
256,000 Da Lat
45%
283,000 Vinh
39%
784,000 Bien Hoa
26%
311,000 Quy Nhon
24%
255,000 Phan Thiet
21%
340,000 Buon Ma Thuot
17%
330,000 Thai Nguyen
16%
278,000 Viet Tri
11%
No matching quizzes found
Score Distribution
Percent of People with Each Score
Percentile by Number Answered
Your Score History
You have not taken this quiz